Vainqueurs Moto2 - Statistiques

Statistiques générales
  • Ce quiz a été pris 11 fois
    6 depuis la dernière actualisation
  • Le résultat moyen est 23 sur 62
Statistiques - réponses
Moto2 1ere victoire Pilotes Pays % Correct
8 Jerez 2017 Alex Marquez Espagne
100%
4 Indianapolis 2015 Alex Rins Espagne
100%
5 Portimao 2024 Aron Canet Espagne
100%
1 Hongrie 2025 David Alonso Colombie
100%
2 Aragon 2025 Deniz Öncü Turquie
100%
4 Assen 2025 Diogo Moreira Brésil
100%
1 Catalogne 2018 Fabio Quartararo France
100%
8 Qatar 2018 Francesco Bagnaia Italie
100%
16 Le Mans 2011 Marc Marquez Espagne
100%
4 COTA 2014 Maverick Viñales Espagne
100%
6 Phillip Island 2017 Miguel Oliveira Portugal
100%
10 Mugello 2022 Pedro Acosta Espagne
100%
2 Assen 2016 Takaaki Nakagami Japon
100%
6 Jerez 2022 Ai Ogura Japon
50%
7 Assen 2019 Augusto Fernandez Espagne
50%
8 Sahsenring 2018 Brad Binder Afrique du Sud
50%
8 Qatar 2022 Celestino Vietti Italie
50%
2 Catalogne 2025 Daniel Holgado Espagne
50%
3 Andalousie 2020 Enea Bastianini Italie
50%
8 Silverstone 2023 Fermin Aldeguer Espagne
50%
7 Assen 2023 Jake Dixon Royaume-Uni
50%
15 Argentine 2015 Johann Zarco France
50%
2 Autriche 2020 Jorge Martin Espagne
50%
6 Malaisie 2016 Luca Marini Italie
50%
5 Japon 2024 Manuel Gonzalez Espagne
50%
3 Styrie 2020 Marco Bezzecchi Italie
50%
10 Assen 2011 Pol Espargaro Espagne
50%
8 Portimao 2021 Raul Fernandez Espagne
50%
6 Portimao 2020 Remy Gardner Australie
50%
10 COTA 2015 Sam Lowes Royaume-Uni
50%
2 Silverstone 2025 Senna Agius Australie
50%
2 Mandalika 2022 Somkiat Chantra Thaïlande
50%
6 COTA 2022 Tony Arbolino Italie
50%
3 Phillip Island 2010 Alex De Angelis Saint-Marin
0%
3 Misano 2022 Alonso Lopez Espagne
0%
8 Mugello 2010 Andrea Iannone Italie
0%
1 Assen 2014 Anthony West Australie
0%
1 Sachsenring 2014 Dominique Aegerter Suisse
0%
13 Jerez 2013 Esteve Rabat Espagne
0%
1 Jerez 2021 Fabio Di Giannantonio Italie
0%
8 Qatar 2017 Franco Morbidelli Italie
0%
1 Valence 2025 Izan Guevara Espagne
0%
3 Portimao 2022 Joe Roberts Etats-Unis
0%
3 Qatar 2015 Jonas Folger Allemagne
0%
1 Sachsenring 2013 Jordi Torres Espagne
0%
1 Silverstone 2010 Jules Cluzel France
0%
1 Valence 2010 Karel Abraham Tchéquie
0%
5 Misano 2016 Lorenzo Baldassarri Italie
0%
2 Mugello 2017 Mattia Pasini Italie
0%
1 Valence 2011 Michele Pirro Italie
0%
4 Brno 2013 Mika Kallio Finlande
0%
3 COTA 2013 Nicolas Terol Espagne
0%
1 Malaisie 2010 Roberto Rolfo Italie
0%
3 Le Mans 2013 Scott Redding Royaume-Uni
0%
2 COTA 2024 Sergio Garcia Espagne
0%
1 Losail 2010 Shoya Tomizawa Japon
0%
5 Estoril 2010 Stefan Bradl Allemagne
0%
1 Qatar 2020 Tetsuta Nagashima Japon
0%
12 Malaisie 2011 Tom Luthi Suisse
0%
7 Jerez 2010 Toni Elias Espagne
0%
1 Sachsenring 2015 Xavier Simeon Belgique
0%
1 Catalogne 2010 Yuki Takahashi Japon
0%
Aucun quiz correspondant
Distribution des résultats
% des personnes avec chaque résultat
Percentile par nombre de réponses
Votre historique - résultats
Vous n’avez pas pris ce quiz depuis la dernière actualisation